Introduction to solid-state theory

保存先:
書誌詳細
第一著者: Madelung, Otfried (autor)
フォーマット: 図書
言語:英語
出版事項: Berlín Springer 1978
版:1a. ed
シリーズ:Springer Series in Solid-State Sciences, 2
主題:
タグ: タグ追加
タグなし, このレコードへの初めてのタグを付けませんか!

MARC

LEADER 00000nam a2200000 a 4500
001 UCL8366
003 CL-VaPUC
008 040618e19780000GW |||||||||||||||||eng|d
020 |a 354060443X 
082 0 4 |a 530.41  |b MAD  |2 21 
100 |a Madelung, Otfried  |e autor  |9 486313 
245 1 0 |a Introduction to solid-state theory 
250 |a 1a. ed 
300 |a 488 p 
942 |c BK 
945 |d 20040618 00:00:00  |a cmena 
260 |a Berlín  |b Springer  |c 1978 
650 0 |a Física del estado solido  |9 315365 
650 0 |a Física matemática   |9 260981 
650 7 |a ELECTRONES  |2 CL-VaPUC  |9 322158 
650 0 |a Propiedades físicas  |9 342981 
583 |a last modification  |c 20040618 00:00:00  |k Rodrigo Vera 
490 0 |a Springer Series in Solid-State Sciences, 2 
999 |c 309705  |d 309703 
952 |0 0  |1 0  |4 0  |6 530_410000000000000_MAD_1978  |7 0  |8 A  |9 377425  |a BIBCUR  |b BIBCUR  |d 2019-11-21  |i 4029712  |o 530.41 MAD 1978  |p 4029712  |r 2025-04-22  |w 2019-11-21  |y BK  |k FIS